| 000 | 01629nam a22003497a 4500 | ||
|---|---|---|---|
| 999 |
_c325930 _d325930 |
||
| 003 | BLK | ||
| 005 | 20250725151702.0 | ||
| 008 | 181106b bu |||gr|||| 00| 0 bu d | ||
| 020 | _a978-954-399-242-3 | ||
| 040 | _aBLK | ||
| 041 |
_aBUL _cBUL |
||
| 080 |
_aАмериканска литература (на САЩ) _b821.111(73) _z821.111(73) |
||
| 100 |
_aКлейпас, Лайза _eпърви автор _91299 |
||
| 139 |
_aКлейпас, Лайза _bК 63 |
||
| 245 |
_aСинеокият дявол _cЛайза Клейпас ; [прев. от англ. ез. Надежда Розова] |
||
| 250 | _a[2.] изд. | ||
| 260 |
_9219405 _bСББ Медиа _dСанома блясък България _fРопринт ЕАД _n978-954-399- _c2017 |
||
| 300 |
_a224 с. _c20 см |
||
| 380 | _aX | ||
| 490 |
_9207069 _aСветовни бестселъри |
||
| 500 | _aОриг. загл.: Blue-eyed devil / Lisa Kleypas Името на прев. Надежда Розова погрешно отпеч. на гърба на загл. с. - Надежда Розева 1. изд. 2009 на изд. Ергон, в сер. Библиотека Любов и съдба Кн. се разпространява със сп. Журнал за жената | ||
| 653 | 7 |
_9195714 _aромани |
|
| 700 |
_91021 _aРозева, Надежда _eпрев. от англ. |
||
| 852 |
_aЦб 291382 _bЦб |
||
| 942 |
_cKNG _n0 _035 _s1 |
||
| 944 |
_aCR _c2018-11-06 _k30530 _lМинев Младен |
||
| 999 | _d325930 | ||
| 999 | _d325930 | ||
| 999 | _d325930 | ||
| 999 | _d325930 | ||
| 999 | _d325930 | ||